00650nam a2200229Ia 4500008004100000020001800041041001200059082001000071082001100081100002300092100001100115245004300126260001300169260001400182260000900196300001500205365002500220650002200245942000700267999001900274952012700293150901s9999 xx 000 0 und d a9781439804636 aEnglish a660.6 bREI/BI aReisner David E.  eEditor aBionanotechnology: global prospects II aNew york bCRC press c2012 a549 Pages aRs.5387.96/-  aBionanotechnology cBK c242379d242379 00104070aKAUCOAbKAUCOAd2022-03-03g5387.96l0o660.6 REI/BIpKAU-COA-28672 r2015-09-16 00:00:00w2015-09-16yBK